03092nas a2200373 4500000000100000008004100001260001900042653002300061653001500084653001300099653001100112653002000123653001200143100001200155700001200167700001300179700001200192700001200204700001200216700001300228700001900241700001900260700001600279700001200295700001300307700001400320700001200334245016500346856005200511300001100563490000700574520212300581022001402704 2026 d c06/2026bLepra10atreatment outcomes10aDisability10aEthiopia10aTigray10aArmed Conflicts10aLeprosy1 aDemoz K1 aHagos S1 aMeresa D1 aSeged Y1 aBerhe D1 aBerhe G1 aKahsay Y1 aWeldejwergse D1 aGebreslassea F1 aGessessea A1 aHadgu T1 aKahsay H1 aMorrone A1 aNaafs B00aThe impact of armed conflict on leprosy detection, treatment, and disability in Tigray, Ethiopia: a longitudinal comparison across conflict phases (2016–2025) uhttps://leprosyreview.org/article/97/2/20-26013 a1 - 110 v973 a

Background

Leprosy control depends on timely case detection and uninterrupted multidrug therapy (MDT) to prevent disability and interrupt transmission. Armed conflict disrupts health systems and may severely affect surveillance and treatment of neglected tropical diseases. The impact of the Tigray conflict (Ethiopia) on leprosy services has not been systematically assessed. This study examines how armed conflict affected leprosy detection, disability, and treatment outcomes in Tigray, Ethiopia.

Methods

A retrospective longitudinal analysis of routine leprosy surveillance data from the Tigray Region was conducted for the period 2016–2025. Study years were categorised into pre-war (2016–2020), war (2021–2023), and post-war (2024–2025) phases. Outcomes included number of newly detected cases, notification rates, proportion of new cases with Grade II disability at diagnosis, and treatment completion. Descriptive comparisons were made across conflict phases using Stata version 17.


Results

A total of 180 new leprosy cases were reported during the study period. During the pre-war phase, case detection and treatment completion were stable. No leprosy cases were reported during the war period, reflecting the collapse of surveillance and service delivery. In the post-war phase, detection partially recovered with 13 cases in 2024 and 33 in 2025. In 2024, all detected cases presented with Grade II disability (13/13), declining to 3.4% (1/33) in 2025. Treatment completion decreased to 69.2% in 2024, compared with 93.2%–100% during the pre-war period but returned to 100% in 2025.


Conclusions

Armed conflict in Tigray was associated with interruption of leprosy detection and care, followed by increased disability due to delayed diagnosis. Strengthening
surveillance resilience, active case-finding, and post-conflict rehabilitation services are essential to mitigate the long-term impact of conflict on leprosy control.

 a2162-8807